000 00634nam a2200241Ia 4500
003 OSt
005 20221007075246.0
006 a|||||r|||| 00| 0
007 ta
008 221006b |||||||| |||| 00| 0 hin d
024 _a5,656
037 _cTextual
040 _aFLL
_cFLL
_bhin
041 _2hin
_ahin
082 _aZ2.5, P0
100 _aChaturvedi Murlidhar Au.
_9692131
245 0 _aIndian penal code,1860
250 _a6th
260 _aNew Delhi
_bEastern book comp. India
_c2000
300 _axxxv,554p
_ccm.
942 _hZ2.5, P0
_cTEXL
_2CC
999 _c1155373
_d1155373